| 000 | 00881nas a2200289 4500 | ||
|---|---|---|---|
| 001 | BR9705407 | ||
| 003 | BR-BrBNA | ||
| 005 | 20231205100632.0 | ||
| 007 | ta | ||
| 008 | 230509b bl.|||p| |||| 00| 00por d | ||
| 040 |
_aBR-BrBNA _bpor _cBiblioteca Nacional de Agricultura |
||
| 041 | _a(Pt) | ||
| 072 | _aF07; P33 | ||
| 100 | 1 | _aMielniczuk, J. | |
| 100 | 1 | _aBayer, C. | |
| 245 | 1 | _aCaracteristicas, quimicas do solo afetadas por metodos de preparo e sistemas de cultura | |
| 650 | _aManejo do Solo | ||
| 650 | _aPodzolico | ||
| 650 | _aMateria Organica | ||
| 650 | _aAveia Forrageira | ||
| 650 | _aTrevo Subterraneo | ||
| 650 | _aMilho | ||
| 650 | _aFeijao de Corda | ||
| 773 | 0 |
_tRevista Brasileira de Ciencia do Solo (Brazil) _xISSN 0100-0683 _g(Jan-Mar 1997), v. 21(1) p. 105-112 _wBR9705407 |
|
| 909 |
_a202311 _bLúcia _c55 _dLúcia Elande |
||
| 942 |
_2AGRIS _n0 _cANA |
||
| 999 |
_c157145 _d157145 |
||